| 000 | 00584pam a2200181 4500 | ||
|---|---|---|---|
| 020 | _a0879330422 | ||
| 082 | 0 | 0 |
_a309.262 _bLAP _cD |
| 100 | 1 |
_aLaPatra, Jack W., _937671 |
|
| 245 | 1 | 0 |
_aApplying the systems approach to urban development _c[by] Jack W. LaPatra. |
| 260 |
_a[Stroudsburg, Pa.] _bDowden, Hutchinson & Ross _c[1973] |
||
| 300 |
_aix, 296 p. _billus. _c23 cm. |
||
| 490 | 0 | _aCommunity development series, v. 5 | |
| 526 |
_a0 _b0 _c0 _d309_262000000000000_LAP |
||
| 650 | 0 | _aCities and towns. | |
| 650 | 0 |
_aNUST _96342 |
|
| 650 | 0 |
_aSystem analysis. _92233 |
|
| 942 |
_2ddc _cBK |
||
| 999 |
_c542487 _d542487 |
||